| 000 | 00349nam a2200133Ia 4500 | ||
|---|---|---|---|
| 008 | 240624s9999 xx 000 0 und d | ||
| 041 | _aeng | ||
| 082 | _a658.4 BUC | ||
| 100 | _aBUCKINGHAM MARCUS | ||
| 245 | _aFIRST BREAK ALL THE RULES WHAT THE WORLD | ||
| 260 |
_c1999 _aLondon _bPocket Books |
||
| 300 | _axi, , 301 , 22 : p. : cm. | ||
| 365 |
_c _b25 |
||
| 999 |
_c9592 _d9592 |
||